000 00558nam a2200205 i 4500
001 bgj
100 1 _aMcDOWALL, David
245 1 0 _aAn illustrated history of Britain /
_cDavid McDovall.
250 _a10th impr.
260 _aHarlow, Essex :
_bLongman,
_c1996.
300 _a188 pp :
_bphotos (incl. colour) ;
_c26 cm.
500 _a1st publ. 1989.
651 9 _aGreat Britain
_xHistory
020 _a058274914X (pbk)
040 _cBPK
041 0 _aeng
920 _a0-582-74914-X (pbk)
942 _cKS
008 s uk f |000 0 eng
999 _c48144
_d48144
856 _uhttp://koha.tu.koszalin.pl/cgi-bin/koha/opac-detail.pl?biblionumber=48144
_yKatalog online BPK